| 000 | 00753nam a2200193Ii 4500 | ||
|---|---|---|---|
| 003 | JO-AjNU | ||
| 008 | 230605s9999||||xx |||||||||||||| ||und|| | ||
| 040 |
_aJO-AjNU _bara _erda _cJO-AjNU |
||
| 041 | _aara | ||
| 050 | 1 | 4 | _aBP144 2007 |
| 100 | 3 |
_aجمع وترتيب ومراجعة: الزمالي،عامر, _eauthor _957857 |
|
| 245 | 0 | 0 | _aمقالات في القانون الدولي الإنساني و الإسلام |
| 264 | 3 | 1 | _a د.م: الصليب الاحمر، 2007 |
| 300 | _a255ص | ||
| 336 |
_atext _btxt _2rdacontent |
||
| 337 |
_aunmediated _bn _2rdamedia |
||
| 338 |
_avolume _bnc _2rdacarrier |
||
| 650 | 4 |
_aحقوق الانسان- قانون دولي- مقالات ومحاضرات- الاسلام وحقوق الانسان _957858 |
|
| 999 |
_aA25952 _c29520 _d29520 |
||